000 00304nam a22001337a 4500
008 170926b xxu||||| |||| 00| 0 eng d
020 _a9780073350141
041 _aeng
080 _27 ED
_a37
100 _a46
101 _aEDU
245 _aENGLISH SKILLS WITH READINGS
_cLANGAN.J
942 _2udc
_cBK
999 _c29762
_d29762